LIBRARY & INFORMATION CENTRE, KCAET, TAVANUR

ONLINE PUBLIC ACCESS CATALOGUE (OPAC)

Women of india (Record no. 1679)

MARC details
000 -LEADER
fixed length control field 00393cam a2200169ua 4500
041 ## - LANGUAGE CODE
Language code of text/sound track or separate title eng
082 ## - DEWEY DECIMAL CLASSIFICATION NUMBER
Classification number 305.4
Item number JAW/WO
100 ## - MAIN ENTRY--AUTHOR NAME
Personal name Jawaharlal , Nehru .
245 ## - TITLE STATEMENT
Title Women of india
260 ## - PUBLICATION, DISTRIBUTION, ETC. (IMPRINT)
Place of publication Delhi :
Name of publisher National Council of women in India ,
Year of publication 1958.
300 ## - PHYSICAL DESCRIPTION
Number of Pages 279 ; .
942 ## - ADDED ENTRY ELEMENTS (KOHA)
Koha item type Books
Holdings
Withdrawn status Lost status Damaged status Home library Current library Date acquired Full call number Accession Number Koha item type
Withdrawn     KAUAET KAUAET 07/04/2012 305.4 9760 Books
free website counter